[Event "Assisi op-A 5th"]
[Site "Assisi"]
[Date "2010.12.20"]
[Round "4"]
[White "Pastore, Cosmas"]
[Black "Cicioni, Luigi"]
[Result "1-0"]
[WhiteElo "1841"]
[BlackElo "1815"]
[PlyCount "116"]
[EventDate "2010.12.17"]
[EventType "swiss"]
[EventRounds "7"]
[EventCountry "ITA"]
[SourceTitle "EXT 2024"]
[Source "ChessBase"]
[SourceDate "2023.10.10"]
[SourceVersion "1"]
[SourceVersionDate "2023.10.10"]
[SourceQuality "1"]

1. e4 c5 2. c3 d5 3. exd5 Qxd5 4. d4 Nf6 5. Nf3 Bg4 6. Be2 e6 7. Na3 cxd4 8. Nb5 Qd8 9. Nbxd4 Nc6 10. 0-0 Be7 11. h3 Bh5 12. Bf4 0-0 13. Nxc6 bxc6 14. Nd4 Bxe2 15. Qxe2 Qb6 16. Rad1 Nd5 17. Bc1 Bf6 18. Qc2 Rfd8 19. Nf3 Qa6 20. a3 Qc4 21. Bg5 Bxg5 22. Nxg5 Qh4 23. Nf3 Qh5 24. Rd4 Qg6 25. Qxg6 hxg6 26. Rfd1 Rdb8 27. R4d2 Nb6 28. Ne5 Na4 29. Nxc6 Rxb2 30. Rxb2 Nxb2 31. Rb1 Nc4 32. a4 a5 33. Rb5 Ra6 34. Nd4 Nb6 35. Nb3 Nxa4 36. c4 Nc3 37. Rxa5 Rc6 38. Rc5 Rb6 39. Rc8+ Kh7 40. Nd4 Rb4 41. Nf3 Ne4 42. c5 Rc4 43. c6 Nd6 44. Rc7 Nb5 45. Rxf7 Rxc6 46. Rf8 g5 47. Nxg5+ Kg6 48. Nf3 Rc1+ 49. Kh2 Rc5 50. Kg3 Nd6 51. Nh4+ Kh7 52. f4 Ne4+ 53. Kf3 Nf6 54. Ke3 Nd5+ 55. Kd4 Ra5 56. Nf3 Nf6 57. Ng5+ Kg6 58. Nxe6 Rd5+ 1-0

[Event "Rome ASR op"]
[Site "Rome"]
[Date "2010.09.20"]
[Round "2"]
[White "Pastore, Cosmas"]
[Black "Verrascina, Nicola"]
[Result "1-0"]
[WhiteElo "1810"]
[BlackElo "2014"]
[PlyCount "119"]
[EventDate "2010.09.16"]
[EventType "swiss"]
[EventRounds "5"]
[EventCountry "ITA"]
[SourceTitle "EXT 2024"]
[Source "ChessBase"]
[SourceDate "2023.10.10"]
[SourceVersion "1"]
[SourceVersionDate "2023.10.10"]
[SourceQuality "1"]

1. e4 Nc6 2. Nf3 Nf6 3. Nc3 e5 4. Bb5 d6 5. d4 exd4 6. Nxd4 Bd7 7. Bxc6 bxc6 8. 0-0 Be7 9. Re1 0-0 10. Nf5 Bxf5 11. exf5 Re8 12. Bg5 Qd7 13. Qf3 h6 14. Bh4 Rab8 15. b3 d5 16. Re2 Nh7 17. Bxe7 Rxe7 18. Rae1 Rbe8 19. Rxe7 Rxe7 20. Rxe7 Qxe7 21. Qe2 Qxe2 22. Nxe2 Kf8 23. Nd4 c5 24. Nb5 Ke7 25. Nxc7 Kd6 26. Ne8+ Ke5 27. Nxg7 Kf6 28. Ne8+ Kxf5 29. Nd6+ Ke6 30. Nc8 a6 31. Nb6 Nf6 32. f3 Ke5 33. Kf2 Kd4 34. Na4 Nd7 35. Ke2 f5 36. c3+ Ke5 37. Nb2 Nf6 38. Nd3+ Kd6 39. Nf4 Ke5 40. g3 Ne8 41. Nd3+ Kd6 42. Ke3 Ng7 43. Kf4 a5 44. g4 fxg4 45. fxg4 Ne6+ 46. Kf5 Ng5 47. Nf2 Nf3 48. h3 Ne5 49. h4 Nf3 50. h5 Ne5 51. Kf6 Nf3 52. Kg6 Ke5 53. Kxh6 Kf6 54. Nh3 d4 55. cxd4 cxd4 56. g5+ Kf7 57. g6+ Kg8 58. Nf2 Ne5 59. Ne4 Nd7 60. Kg5 1-0

[Event "Rome Elo op 2nd"]
[Site "Rome"]
[Date "2009.01.28"]
[Round "3"]
[White "Giuliani, Sante"]
[Black "Pastore, Cosmas"]
[Result "1-0"]
[WhiteElo "1935"]
[BlackElo "1806"]
[PlyCount "53"]
[EventDate "2009.01.14"]
[EventType "swiss"]
[EventRounds "7"]
[EventCountry "ITA"]
[SourceTitle "EXT 2011"]
[Source "ChessBase"]
[SourceDate "2010.11.26"]
[SourceVersion "1"]
[SourceVersionDate "2010.11.26"]
[SourceQuality "1"]

1. Nf3 Nf6 2. g3 c6 3. Bg2 Qc7 4. d3 e6 5. e4 e5 6. Nbd2 d6 7. b3 Bg4 8. h3 Bh5 9. Bb2 Nbd7 10. 0-0 0-0-0 11. Qe1 Re8 12. a4 d5 13. Nh4 g5 14. Nf5 Bg6 15. Ne3 dxe4 16. dxe4 Nh5 17. Ndc4 Bg7 18. Rd1 Nhf6 19. Nd6+ Kb8 20. Nxe8 Rxe8 21. Ba3 Qc8 22. Nc4 Re6 23. Qe3 Ne8 24. Qxg5 Qc7 25. Bf3 Bf6 26. Qd2 Nf8 27. Bxf8 1-0